1532 1432 1523 1088 1739 1368 1547 1764 1494 1473 1905 1039 1294 1604 1476 1655 1700 1621 1504 1106 1465 1502 1624 1029 1227 1661 1036 1754 1302 1285 1390 1788 1026 1312 1117 1773 1894 1595 1541 1635 1126 1900 1997 1492 1010 1078 1718 1491 1274 1275 1222 1975 1322 1633 1192 1631 1563 1481 1183 1859 1752 1595 1804 1214 1890 1470 1537 1227 1012 1723 1127 1524 1885 1249 1979 1263 1044 1199 1945 1926 1904 1946 1840 1300 1033 1057 1377 1850 1586 1330 1206 1295 1451 1098 1909 1229 1419 1253 1348 BCNSPRNW ULIB Ver.6.0+V

เปลี่ยนเป็นภาษาไทย

Change to English
 แสดงรายละเอียดบรรณานุกรม
  กลับหน้าหลัก

Brief Record : Get Marc (ISO 2709) : E-mail record : QR code < ปิดหน้าต่าง
LEADER : 00000nam 2200000uu 4500
001    13399123947
003     ULIB
008    120905s2556||||th 000 0 tha d
020    ^a9786161100704
060  4 ^aWM172^bพ186ก
100 0  ^aพจนา ปิยะกรณ์ชัย
245 10 ^aการตอบสนองของบุคคลต่อภาวะเครียด =^bHuman response to stress/^cพจนา ปิยะกรณ์ชัย
246 31 ^aHuman response to stress
250    พิมพ์ครั้งที่ 2
260    ^aนนทบุรี :^bโครงการสวัสดิการวิชาการ สถาบันพระบรมราชชนก,^c2556
300    ^a52 หน้า ;^c21 ซม.
650  4 ^aความเครียด
650  4 ^aสุขภาพจิต
710 2  ^aสถาบันพระบรมราชชนก. ^bโครงการสวัสดิการวิชาการ
945    ^p100^l0^i22753
945    ^p100^l0^i22754
945    ^p100^l0^i22755
995    ทศพร
999 ^a ใช้งานได้ทุกระบบ
รายการนี้ยังไม่มีแท็ก
คุณยังไม่ได้ล็อกอิน คุณสามารถมีกิจกรรมร่วมกับเว็บไซต์ได้ แต่ต้องล็อกอินก่อน ::
  ล็อกอิน

รายการสื่อสารสนเทศ

ลำดับที่ ประเภท เลขเรียก/บาร์โค้ด สถานที่ สถานะ
1. วิทยาศาสตร์การแพทย์ และสุขภาพ
วิทยาศาสตร์การแพทย์ และสุขภาพ
สถานะ=หนังสือเก่า
WM172 พ186ก ฉ.1 
  Barcode: 22753
ห้องสมุดวิทยาเขตนครสวรรค์
►ส่วนจัดเก็บหนังสือเก่า นว.
บนชั้น
  ขอยืม
2. วิทยาศาสตร์การแพทย์ และสุขภาพ
วิทยาศาสตร์การแพทย์ และสุขภาพ
สถานะ=หนังสือเก่า
WM172 พ186ก ฉ.2 
  Barcode: 22754
ห้องสมุดวิทยาเขตนครสวรรค์
►ส่วนจัดเก็บหนังสือเก่า นว.
บนชั้น
  ขอยืม
3. วิทยาศาสตร์การแพทย์ และสุขภาพ
วิทยาศาสตร์การแพทย์ และสุขภาพ
สถานะ=หนังสือเก่า
WM172 พ186ก ฉ.3 
  Barcode: 22755
ห้องสมุดวิทยาเขตนครสวรรค์
►ส่วนจัดเก็บหนังสือเก่า นว.
บนชั้น
  ขอยืม

รายการใกล้เคียง
    ผู้แต่ง [พจนา ปิยะกรณ์ชัย]

    หัวเรื่อง [ความเครียด]
    หัวเรื่อง [สุขภาพจิต]

BibComment


ยังไม่เคยถูกคอมเมนท์

คอมเมนท์ทรัพยากรรายการนี้
  คอมเมนท์: การตอบสนองของบุค..


 Copyright 2026. Bcnsprnw @Library